<?xml version="1.0" encoding="UTF-8"?>
<record
    xmlns:xsi="http://www.w3.org/2001/XMLSchema-instance"
    xsi:schemaLocation="http://www.loc.gov/MARC21/slim http://www.loc.gov/standards/marcxml/schema/MARC21slim.xsd"
    xmlns="http://www.loc.gov/MARC21/slim">

  <leader>00786nam a22001697a 4500</leader>
  <controlfield tag="003">SGT</controlfield>
  <datafield tag="020" ind1=" " ind2=" ">
    <subfield code="a">9788126519255</subfield>
  </datafield>
  <datafield tag="082" ind1=" " ind2=" ">
    <subfield code="a">541.221522, COT</subfield>
  </datafield>
  <datafield tag="100" ind1=" " ind2=" ">
    <subfield code="a">COTTON ALBERT F.</subfield>
  </datafield>
  <datafield tag="245" ind1=" " ind2=" ">
    <subfield code="a">CHEMICAL APPLICATIONS OF GROUP THEORY </subfield>
  </datafield>
  <datafield tag="250" ind1=" " ind2=" ">
    <subfield code="a">3RD </subfield>
  </datafield>
  <datafield tag="260" ind1=" " ind2=" ">
    <subfield code="a">NEW DELHI </subfield>
    <subfield code="b">WILEY </subfield>
    <subfield code="c">2015</subfield>
  </datafield>
  <datafield tag="300" ind1=" " ind2=" ">
    <subfield code="a">461</subfield>
  </datafield>
  <datafield tag="650" ind1=" " ind2=" ">
    <subfield code="a">PHYSICAL CHEMISTRY </subfield>
  </datafield>
  <datafield tag="653" ind1=" " ind2=" ">
    <subfield code="a"> Definitions and Theorems of Group Theory,  Molecular Symmetry and the Symmetry Groups,  Representations of Groups,  Group Theory and Quantum Mechanics,  Symmetry-Adapted Linear Combinations,  Molecular Orbital Theory and Its Applications in Organic Chemistry,   Molecular Orbital Theory for Inorganic and Organometallic Compounds,  Ligand Field Theory,   Molecular Vibrations,  Crystallographic Symmetry</subfield>
  </datafield>
  <datafield tag="942" ind1=" " ind2=" ">
    <subfield code="2">ddc</subfield>
    <subfield code="c">FPS</subfield>
    <subfield code="0">5</subfield>
  </datafield>
  <datafield tag="952" ind1=" " ind2=" ">
    <subfield code="0">0</subfield>
    <subfield code="1">0</subfield>
    <subfield code="2">ddc</subfield>
    <subfield code="4">0</subfield>
    <subfield code="7">0</subfield>
    <subfield code="a">SSSL</subfield>
    <subfield code="b">SSSL</subfield>
    <subfield code="c">TXT</subfield>
    <subfield code="d">2016-06-28</subfield>
    <subfield code="e">KIRTI PRAKASHAN </subfield>
    <subfield code="g">559.00</subfield>
    <subfield code="i">SGTU</subfield>
    <subfield code="l">6</subfield>
    <subfield code="o">541.221522, COT</subfield>
    <subfield code="p">PS972</subfield>
    <subfield code="r">2022-09-08 00:00:00</subfield>
    <subfield code="s">2022-09-08</subfield>
    <subfield code="w">2015-09-19</subfield>
    <subfield code="y">FPS</subfield>
    <subfield code="k">2947</subfield>
  </datafield>
  <datafield tag="952" ind1=" " ind2=" ">
    <subfield code="0">0</subfield>
    <subfield code="1">0</subfield>
    <subfield code="2">ddc</subfield>
    <subfield code="4">0</subfield>
    <subfield code="7">1</subfield>
    <subfield code="a">SSSL</subfield>
    <subfield code="b">SSSL</subfield>
    <subfield code="c">REF</subfield>
    <subfield code="d">2016-06-28</subfield>
    <subfield code="e">KIRTI PRAKASHAN </subfield>
    <subfield code="g">559.00</subfield>
    <subfield code="i">SGTU</subfield>
    <subfield code="l">1</subfield>
    <subfield code="o">541.221522, COT</subfield>
    <subfield code="p">PS973</subfield>
    <subfield code="r">2017-02-06 00:00:00</subfield>
    <subfield code="s">2017-01-30</subfield>
    <subfield code="w">2015-09-19</subfield>
    <subfield code="y">FPS</subfield>
    <subfield code="k">2947</subfield>
  </datafield>
  <datafield tag="999" ind1=" " ind2=" ">
    <subfield code="c">9270</subfield>
    <subfield code="d">9270</subfield>
  </datafield>
</record>
